000 01616nam a22002657a 4500
005 20260409143527.0
008 260409b |||||||| |||| 00| 0 eng d
020 _a9788120417595
040 _cAL
041 _aeng
082 _a518
_bSCAN
100 _aJames B Scarborough
_9261144
245 _aNumerical mathematical analysis Ed 6
250 _a6
260 _aNew Delhi
_bCBS Publishers and Distributors Pvt Ltd
_c2024
300 _axxi,600p
_bPB
_c21.5x14cm
365 _2Information Science and Engineering
_aVBI-2645
_b₹393.75
_c
_d₹525.00
_e25%
_f20-02-2026
520 _aNumerical Mathmatical Analysis The book's object to set forth in a systematic manner and as clearly as possible the most important principles, methods and processes used for obtaining numerical results and also methods and means for estimating the accuracy of such results. The treatment of all topics has been made as elementary as was consistent with soundness and in some instances with detailed explanation as the book is meant to be understood with a minimum of effort on the part of the reader. In this edition, the enlargement is made by the addition of Trapezoidal Rule, an additional method for finding the roots of numerical equations, and formulae and computing schedules for the numerical solution of simultaneous differential equations of the second order by the Runge-Kutta method.
650 _aInterpolation Formulas
_9261145
650 _aIntegration
_9261146
650 _aLinear Equations
_9261147
650 _aIntegral Equations
_9261148
650 _aEmpirical Functions
_9261149
942 _2ddc
_cBK
999 _c241201
_d241201